| 000 | 00684nam a2200217 a 4500 | ||
|---|---|---|---|
| 999 |
_c6922 _d6922 |
||
| 001 | 6922 | ||
| 003 | BD-JhCC | ||
| 005 | 20180201100506.0 | ||
| 008 | 180201s1988 bg a|||| || | 000 0 ben d | ||
| 035 | _a(BD-JhCC)6922 | ||
| 040 |
_aBD-JhCC _dBD-JhCC |
||
| 041 | _aben | ||
| 082 |
_a954.9205 _bSAL 1988 |
||
| 100 | _aসালিক, সিদ্দিক | ||
| 245 |
_aনিয়াজীর আত্মসমর্পণের দলিল / _cসিদ্দিক সালিক, |
||
| 260 |
_aঢাকা : _bনেভল পাবলিকেশন্স, _c1988 |
||
| 300 |
_a224 p. : _c24 cm. |
||
| 650 | _aHistory of Bangladesh | ||
| 942 |
_2ddc _cBK |
||